000 00954nam a2200241 a 4500
001 000029415
005 20200930055532.0
008 110415s1996 dr 000 0 spa d
040 _aDO-SdBNP
_bspa
_cBNPHU
082 _axxxx
_bG643m
100 1 _aGonzález Aybar, Yasmi
_956293
245 1 0 _aManual de alimentación del niño menor de 6 años en República Dominicana /
_cYasmi González Aybar, Yung Zyong Kim, Angel Danubio Batista Rivas ; colaboradores Persio Romero, Lucia Beriguete.
250 _a2a ed.
260 _aSanto Domingo :
_bUnidad de Nutrición del Instituto Dominicano de Alimentación y Nutrición. IDAN,
_c1996.
300 _a65 p. ;
_c27 cm.
500 _aIncluiye notas al pie de las páginas
504 _aBibliografía : p. 65
700 1 _aZyong Kim, Yung
_956294
700 1 _aBatista Rivas, Angel Danubio
_956295
700 1 _aRomero, Persio,
_ecol.
_956296
700 1 _aBeriguete, Lucia,
_ecol.
_956297
049 _aBNPD
999 _c28907
_d28907